Role of NGO,s in promoting non-formal environment education : (Record no. 516872)

000 -LEADER
fixed length control field 00328nam a22000977a 4500
082 ## - DEWEY DECIMAL CLASSIFICATION NUMBER
Classification number TNC Q100 Y48
100 ## - MAIN ENTRY--PERSONAL NAME
Personal name Yeshodhara, K.
9 (RLIN) 23598
245 ## - TITLE STATEMENT
Title Role of NGO,s in promoting non-formal environment education :
Remainder of title A case study
Statement of responsibility, etc K. Yashodhara
260 ## - PUBLICATION, DISTRIBUTION, ETC. (IMPRINT)
Place of publication, distribution, etc Bangalore
Name of publisher, distributor, etc Institute for Social and Economic change
Date of publication, distribution, etc 2005
300 ## - PHYSICAL DESCRIPTION
Extent 135p.
Holdings
Withdrawn status Lost status Source of classification or shelving scheme Damaged status Koha normalized classification for sorting Not for loan Permanent location Current location Date acquired Full call number Barcode Date last seen Price effective from Koha item type
        TNC_Q100_Y48   Indian Institute of Public Administration Indian Institute of Public Administration 2021-03-19 TNC Q100 Y48 GR23361 2021-03-19 2021-03-19 GR

Powered by Koha